La tutela judicial frente al acoso moral en el trabajo de las normas prc̀ticas forenses /

Bibliographic Details
Main Author: Molina Navarrete, Cristb̤al
Format: Book
Language:Spanish
Published: Albacete : Bomarzo, 2007.
Subjects:
Online Access:Acceso restringido

MARC

LEADER 00000nam a2200000 i 4500
005 20111104135215.0
008 071029s2007 sp 000 0 spa d
020 |a 9788496721197 
035 |a 5944 
040 |a BUC  |d BUS  |d vLex 
080 |a 331.44:349.2(460) 
090 |c 2736  |d 2736 
100 1 |a Molina Navarrete, Cristb̤al. 
245 1 3 |a La tutela judicial frente al acoso moral en el trabajo   |h [Recurso electrn̤ico] :  |b de las normas prc̀ticas forenses /  |c Cristb̤al Molina Navarrete. 
256 |a Servicio en ln̕ea. 
260 |a Albacete :  |b Bomarzo,  |c 2007. 
300 |a 1 recurso electrn̤ico 
506 1 |a Contenido solo disponible en los productos indicados  |d vLex Global  |d vLex Global (Academic Edition, excluding Law Schools)  |d vLex Global (U.S. Academic Edition, Law Schools)  |d vLex Global (U.S. Academic Edition, excluding Law Schools)  |d vLex Global (Academic Edition, Law Schools) 
650 0 4 |a Acoso en el lugar de trabajo. 
650 0 4 |a Trabajo  |x Aspecto psicolg̤ico  
740 0 |a vLex Libros (Servicio en ln̕ea) 
856 4 0 |u http://vlex.com/source/5944  |z Acceso restringido 
942 |c BOOK